| 000 | 01072nam a2200241Ia 4500 | ||
|---|---|---|---|
| 003 | OSt | ||
| 005 | 20220923214032.0 | ||
| 006 | a|||||r|||| 00| 0 | ||
| 007 | ta | ||
| 008 | 220922b |||||||| |||| 00| 0 hin d | ||
| 024 | _a166,667 | ||
| 037 | _cTextual | ||
| 040 |
_aARTS _cARTS _bhin |
||
| 041 |
_2hin _ahin |
||
| 082 | _aO152,1N071x, K4 | ||
| 100 | _aबच्चन, हरिवंशराय | ||
| 245 | 0 |
_aअभिनव सोपान _b कवि बच्चन द्वारा अपनी सभी काव्य-कृतियों में से चुनी हुई श्रेष्ठ रचनाओं का संकलन |
|
| 246 | _aAbhinav sopāna: kavi bachchan dvārā apanī sabhī kāvya-kṛutiyoan mean se chunī huī shreṣhṭha rachanāoan kā sankalana | ||
| 260 |
_aदिल्ली _b राजपाल _c1964 |
||
| 650 |
_aहिन्दी साहित्य _9156264 |
||
| 942 |
_hO152,1N071x, K4 _cTEXL _2CC |
||
| 999 |
_c321146 _d321146 |
||